书目信息 |
| 题名: |
张照书风与清代云间书派论文集
|
|
| 作者: | 上海市松江历史文化研究会 编 | |
| 分册: | ||
| 出版信息: | 上海 上海书店出版社 2018.8 |
|
| 页数: | 326页 | |
| 开本: | 27cm | |
| 丛书名: | ||
| 单 册: | ||
| 中图分类: | J292.112.6-53 | |
| 科图分类: | ||
| 主题词: | 张照(1691--1745)--书法评论--文集 , 汉字--书法--流派--中国--清代--文集 | |
| 电子资源: | ||
| ISBN: | 978-7-5458-1695-2 | |
| 000 | 01218nam0 2200241 450 | |
| 001 | 012001006999 | |
| 005 | 20191127085110.28 | |
| 010 | @a978-7-5458-1695-2@dCNY78.00 | |
| 100 | @a20180803d2018 em y0chiy0110 ea | |
| 101 | 0 | @achi |
| 102 | @aCN@b310000 | |
| 105 | @ay z 000yy | |
| 106 | @ar | |
| 200 | 1 | @a张照书风与清代云间书派论文集@9zhang zhao shu feng yu qing dai yun jian shu pai lun wen ji@f上海市松江历史文化研究会编 |
| 210 | @a上海@c上海书店出版社@d2018.8 | |
| 215 | @a326页@d27cm | |
| 330 | @a云间书派形成于明代,是以莫是龙、董其昌为首的一批松江籍的书法名人组成的。到了清代,形成了以沈荃、张照为代表的一批人。康熙帝曾称张照书法是“羲之后一人,舍照谁能若?”。2016年研究会举办了“清代云间书派学术讨论会”,北京、辽宁、云南、四川、江苏等十多位研究者论文入选并与会,2017年研究会举办了“张照书法研究”的论文笔会,共有各地六位博士论文参加。本书将两次研究会的论文汇编成《张照与清代云间书派论文集》。 | |
| 606 | 0 | @a张照(1691@z1745)@x书法评论@j文集 |
| 606 | 0 | @a汉字@x书法@x流派@y中国@z清代@j文集 |
| 690 | @aJ292.112.6-53@v5 | |
| 701 | 0 | @a上海市松江历史文化研究会@9shang hai shi song jiang li shi wen hua yan jiu hui@4编 |
| 801 | 2 | @aCN@b上海新华@c20191020 |
| 905 | @b1175825-8@dJ292.112.6-53@e613@f4 | |
| 张照书风与清代云间书派论文集/上海市松江历史文化研究会编.-上海:上海书店出版社,2018.8 |
| 326页;27cm |
| ISBN 978-7-5458-1695-2:CNY78.00 |
| 云间书派形成于明代,是以莫是龙、董其昌为首的一批松江籍的书法名人组成的。到了清代,形成了以沈荃、张照为代表的一批人。康熙帝曾称张照书法是“羲之后一人,舍照谁能若?”。2016年研究会举办了“清代云间书派学术讨论会”,北京、辽宁、云南、四川、江苏等十多位研究者论文入选并与会,2017年研究会举办了“张照书法研究”的论文笔会,共有各地六位博士论文参加。本书将两次研究会的论文汇编成《张照与清代云间书派论文集》。 |
| ● |
| 相关链接 |
|
|
|
|
正题名:张照书风与清代云间书派论文集
索取号:J292.112.6-53/613
 
预约/预借
| 序号 | 登录号 | 条形码 | 馆藏地/架位号 | 状态 | 备注 |
| 1 | 1175825 | 211758258 | 第一样本阅览室/ [索取号:J292.112.6-53/613] | 在馆 | |
| 2 | 1175826 | 211758267 | 第一借阅区/ [索取号:J292.112.6-53/613] | 在馆 | |
| 3 | 1175827 | 211758276 | 第一借阅区/ [索取号:J292.112.6-53/613] | 在馆 | |
| 4 | 1175828 | 211758285 | 第一借阅区/ [索取号:J292.112.6-53/613] | 在馆 |